|
|
|
|
| LEADER |
00000nam a22000007a 4500 |
| 005 |
2020060108378.0 |
| 007 |
cr|||| |||| |
| 008 |
200601s2019 es |||||s|||| 00||0 spa d |
| 020 |
|
|
|a 978-84-1324-549-2
|
| 035 |
|
|
|a 31448
|
| 040 |
|
|
|a vLex
|
| 090 |
|
|
|c 10480
|d 10480
|
| 100 |
1 |
|
|a ℓlvarez-Vz̀quez, Miguel ℓngel
|
| 245 |
1 |
0 |
|a Perspectivas del agua
|h [Recurso electrn̤ico] :
|b Investigacin̤, gestin̤ y valores del agua en el mundo actual /
|c Miguel ℓngel ℓlvarez-Vz̀quez, Elena De Uą-ℓlvarez
|
| 256 |
|
|
|a Servicio en ln̕ea
|
| 260 |
|
|
|a Madrid:
|b Dykinson,
|c 2019
|
| 300 |
|
|
|a 1 recurso electrn̤ico
|
| 506 |
1 |
|
|a Disponible solo en los productos indicados
|d vLex Global
|d vLex Global (Academic Edition, excluding Law Schools)
|d vLex Global (U.S. Academic Edition, Law Schools)
|d vLex Global (U.S. Academic Edition, excluding Law Schools)
|d vLex Global (Academic Edition, Law Schools)
|
| 650 |
0 |
4 |
|a Derecho Pb︢lico y Administrativo
|z Espaą
|
| 700 |
1 |
|
|a De Uą-ℓlvarez, Elena
|
| 740 |
0 |
|
|a vLex Libros (Servicio en ln̕ea)
|
| 856 |
4 |
0 |
|u http://vlex.com/source/perspectivas-agua-investigacion-gestion-valores-agua-mundo-actual-31448
|z Acceso restringido
|
| 942 |
|
|
|c BOOK
|
| 999 |
0 |
|
|a Public and Administrative Law
|